The Strategic Teacher: (Record no. 14898)

000 -LEADER
fixed length control field 00758nam a22002057a 4500
008 - FIXED-LENGTH DATA ELEMENTS--GENERAL INFORMATION
fixed length control field 161010b xxu||||| |||| 00| 0 eng d
020 ## - INTERNATIONAL STANDARD BOOK NUMBER
International Standard Book Number 9781416606093
050 ## - LIBRARY OF CONGRESS CALL NUMBER
Classification number LB 1025.3 .S548 2007
100 ## - MAIN ENTRY--PERSONAL NAME
Personal name Silver, Harvey F.
245 ## - TITLE STATEMENT
Title The Strategic Teacher:
Remainder of title selecting the best research-based strategy/
Statement of responsibility, etc. Harvey F. Silver, Richard W. Strong, and Matthew J. Perini
260 ## - PUBLICATION, DISTRIBUTION, ETC. (IMPRINT)
Place of publication, distribution, etc. Upper Saddle River, NJ:
Name of publisher, distributor, etc. Pearson,
Date of publication, distribution, etc. 2007
300 ## - PHYSICAL DESCRIPTION
Extent xii, 272p. :
Other physical details ill. ;
500 ## - GENERAL NOTE
General note Includes bibliographical references and index.
650 ## - SUBJECT ADDED ENTRY--TOPICAL TERM
Topical term or geographic name as entry element Effective teaching
650 ## - SUBJECT ADDED ENTRY--TOPICAL TERM
Topical term or geographic name as entry element Learning, psychology of.
650 ## - SUBJECT ADDED ENTRY--TOPICAL TERM
Topical term or geographic name as entry element Lesson planning.
700 ## - ADDED ENTRY--PERSONAL NAME
Personal name Strong, Richard W.
700 ## - ADDED ENTRY--PERSONAL NAME
Personal name Perini, Matthew J.
942 ## - ADDED ENTRY ELEMENTS (KOHA)
Source of classification or shelving scheme
Koha item type Hard Covered Materials
Classification part LB 1025.3 .S548 2007
Holdings
Withdrawn status Lost status Source of classification or shelving scheme Damaged status Not for loan Home library Current library Shelving location Date acquired Source of acquisition Total Checkouts Full call number Barcode Date last seen Price effective from Koha item type
          MACHAKOS UNIVERSITY LIBRARY MACHAKOS UNIVERSITY LIBRARY Technical section 10/10/2016 Donation (BFA)   LB 1025.3 .S548 2007 20953 10/07/2018 10/10/2016 Hard Covered Materials
© Machakos University Library, Along The Highway, Machakos Wote Rd, Machakos, Kenya P.O. Box 136 - 90100 Machakos - Kenya

Tel: ( +254 ) 723 805829 OR Fax : 044-20353 OR Email: library@mksu.ac.ke